[Event "SRB Central-ch op-A 5th"]
[Site "Paracin"]
[Date "2012.07.10"]
[Round "6"]
[White "Kovacevic, Bozo"]
[Black "Vucinic, Gojko"]
[Result "0-1"]
[WhiteElo "1915"]
[BlackElo "2150"]
[PlyCount "56"]
[EventDate "2012.07.06"]
[EventType "swiss"]
[EventRounds "9"]
[EventCountry "SRB"]
[SourceTitle "CBM 149 Extra"]
[Source "ChessBase"]
[SourceDate "2012.08.24"]
[SourceVersion "1"]
[SourceVersionDate "2012.08.24"]
[SourceQuality "1"]

1. e4 c5 2. c3 e6 3. d4 d5 4. e5 a6 5. Nf3 Bd7 6. dxc5 Bxc5 7. Bd3 Qb6 8. Qe2 Bb5 9. 0-0 Nc6 10. Nbd2 Bxd3 11. Qxd3 Qc7 12. Re1 Nge7 13. Nb3 Ba7 14. Be3 Bxe3 15. Qxe3 0-0 16. Nbd4 Rac8 17. b4 b5 18. h4 h6 19. g4 Nxd4 20. cxd4 Qc2 21. Qa3 Rfe8 22. Qxa6 Qb2 23. Rab1 Qc2 24. Qxb5 Qxa2 25. Rbc1 Rb8 26. Qd3 Rxb4 27. Ra1 Qc4 28. Ra3 Rc8 0-1

[Event "SRB Central-ch op-A 5th"]
[Site "Paracin"]
[Date "2012.07.07"]
[Round "3"]
[White "Kovacevic, Bozo"]
[Black "Dimic, Pavle"]
[Result "0-1"]
[WhiteElo "1915"]
[BlackElo "2116"]
[PlyCount "70"]
[EventDate "2012.07.06"]
[EventType "swiss"]
[EventRounds "9"]
[EventCountry "SRB"]
[SourceTitle "CBM 149 Extra"]
[Source "ChessBase"]
[SourceDate "2012.08.24"]
[SourceVersion "1"]
[SourceVersionDate "2012.08.24"]
[SourceQuality "1"]

1. e4 c5 2. c3 Nf6 3. e5 Nd5 4. d4 cxd4 5. cxd4 d6 6. Nf3 Nc6 7. Bc4 e6 8. Bxd5 exd5 9. exd6 Bxd6 10. h3 0-0 11. 0-0 Be6 12. Nc3 Rc8 13. Ne2 Qb6 14. b3 Rfe8 15. Nf4 f6 16. a3 Bf7 17. b4 Re4 18. Ne2 Bh5 19. g4 Bf7 20. Nc3 Re7 21. Be3 Qd8 22. Rc1 Bb8 23. Re1 Qd7 24. Na4 b6 25. Nh4 Ree8 26. Nf5 Bg6 27. Qf3 Bxf5 28. gxf5 Ne7 29. Nc3 Rcd8 30. Kh1 Qxf5 31. Qg2 Qd7 32. Bh6 Nf5 33. Rxe8+ Qxe8 34. Nxd5 Qg6 35. Qe4 Ng3+ 0-1

[Event "Berlin-ch Seniors op 25th"]
[Site "Berlin"]
[Date "2009.02.12"]
[Round "1"]
[White "Kovacevic, Bozo"]
[Black "Zschaebitz, Klaus"]
[Result "0-1"]
[WhiteElo "1732"]
[BlackElo "2111"]
[PlyCount "126"]
[EventDate "2009.02.12"]
[EventType "swiss"]
[EventRounds "9"]
[EventCountry "GER"]
[SourceTitle "EXT 2022"]
[Source "ChessBase"]
[SourceDate "2021.10.06"]
[SourceVersion "1"]
[SourceVersionDate "2021.10.06"]
[SourceQuality "1"]

1. d4 e6 2. c4 Bb4+ 3. Bd2 a5 4. a3 Bxd2+ 5. Nxd2 Nc6 6. Ngf3 Nf6 7. e3 d6 8. Bd3 Qe7 9. 0-0 0-0 10. Qc2 Bd7 11. Rfe1 a4 12. e4 e5 13. d5 Na5 14. b4 axb3 15. Nxb3 Ba4 16. Nfd2 Nd7 17. Qc3 Nxb3 18. Nxb3 Bxb3 19. Qxb3 Nc5 20. Qc2 Ra4 21. Reb1 Rfa8 22. Qc3 Qg5 23. Bc2 R4a7 24. a4 b6 25. a5 bxa5 26. Rxa5 Rxa5 27. Qxa5 Qc1+ 28. Rxc1 Rxa5 29. Rb1 Kf8 30. f3 Ra2 31. Rc1 Ra3 32. Bb1 Ra1 33. Rf1 Ra4 34. Rc1 Nb3 35. Bc2 Rxc4 36. Rb1 Nc5 37. Bd1 Ke7 38. Be2 Rd4 39. Bf1 f5 40. exf5 Rxd5 41. g4 Kf6 42. h4 e4 43. f4 h5 44. Bh3 hxg4 45. Bxg4 Nd3 46. Rf1 e3 47. Kg2 Rd4 48. Kg3 c5 49. h5 c4 50. Rh1 c3 51. h6 gxh6 52. Rxh6+ Kg7 53. Rg6+ Kh7 54. Re6 c2 55. Re7+ Kg8 56. f6 Rxf4 57. Be6+ Kf8 58. Rf7+ Ke8 59. Re7+ Kd8 60. Rd7+ Kc8 61. f7 c1Q 62. Re7+ Kb8 63. Re8+ Ka7 0-1